Visualizzazione normale
Vista MARC
- Chiosso Leo
di Personal Name
Records bibliografici associati: 1
001 - CONTROL NUMBER
- control field: 17704
003 - CONTROL NUMBER IDENTIFIER
- control field: IT-RoPau
005 - DATE AND TIME OF LATEST TRANSACTION
- control field: 20140329215414.0
008 - FIXED-LENGTH DATA ELEMENTS
- fixed length control field: 140329|| aca||aabn | a|a d
040 ## - CATALOGING SOURCE
- Original cataloging agency: IT-RoPau
- Transcribing agency: IT-RoPau
100 ## - HEADING--PERSONAL NAME
- Personal name: Chiosso Leo
- Miscellaneous information: Codice autore testo/musica SPICS: 13606
- Relator term: Autore testo/musica
- Name of part/section of a work: Una ragazza in due (Down Come the Rain)
670 ## - SOURCE DATA FOUND
- Source citation: Work cat.: (IT-RoPau)100069: AA.VV. 794, Renzo Arbore presenta New Pathetic "Elastic" orchestra in "Quelli della notte"